El tenis como experiencia religiosa /

Uloženo v:
Podrobná bibliografie
Hlavní autor: Wallace, David Foster (autor)
Další autoři: Calvo, Javier (traducción) (traducción)
Médium: Kniha
Jazyk:španělština
Vydáno: Barcelona, España : Random House, 2011, c2011
Vydání:2a edición
Edice:(Literatura Random House)
Témata:
Tagy: Přidat tag
Žádné tagy, Buďte první, kdo vytvoří štítek k tomuto záznamu!

MARC

LEADER 00000nam^a2200000^a^4500
001 000392560
005 20250529155409.0
009 20260310121245.312
020 |a 978-84-397-3123-8 
037 |a Acervo ITESO - Biblioteca 
041 |a ESP 
082 |a 796. 342  |b WAL 
100 |a Wallace, David Foster  |e (autor) 
245 1 3 |a El tenis como experiencia religiosa /  |c D.F. Wallace ; tr. por J. Calvo. 
250 |a 2a edición 
264 4 |a Barcelona, España :  |b Random House,  |c 2011, c2011 
300 |a 551 p. 
336 |a texto  |b txt  |2 rdacontenido 
337 |a sin mediación  |b n  |2 rdamedio 
338 |a volumen  |b nc  |2 rdasoporte 
440 1 |a (Literatura Random House) 
500 |a Traducción de: Federer as Religious Experience 
500 |a Traducción de: Democracy and Commerce at the U.S. Open 
545 0 |a El norteamericano David Foster Wallace (Ithaca, 1962 - Claremont, 2008) es considerado uno de los grandes escritores contemporáneos, autor de una obra particularmente incisiva con el absurdo y la irracionalidad de la sociedad posmoderna y la cultura de masas. Sus textos son expresiones de un lenguaje y una estética experimentales, pero que no renuncian ni al humor, ni a la búsqueda de la emoción en los lectores. Entre sus títulos están La escoba del sistema (1987), La niña del pelo raro (1989), La broma infinita (1996), Algo supuestamente divertido que nunca volveré a hacer (1997), Entrevistas breves con hombres repulsivos (1999), Historia abreviada del infinito (2003), Extinción (2004), Hablemos de langostas (2007) y El rey pálido (2011, póstuma). 
585 |a Exposición DIA 2024-10 / 39° Encuentro deportivo INTERSUJ ITESO 2024 
649 |a XX 
650 |a Tenistas Suizos 
650 |a Deportistas Profesionales Suizos 
650 |a Deportistas Suizos 
650 |a Artículos Periodísticos Norteamericanos 
650 |a Ensayos Norteamericanos 
650 |a Literatura y Periodismo -  |z EUA 
650 |a Literatura Norteamericana -  |y Siglo XX 
650 |a Literatura Norteamericana -  |y Siglo XXI 
650 |a Tenis -  |x Competencias -  |z Nueva York, EUA -  |x Historia -  |y 1993-2001 -  |x Tema Principal 
650 |a Tenis -  |x Competencias -  |z Nueva York, EUA -  |x Historia -  |y Siglo XX 
650 |a Tenis -  |x Competencias -  |z Londres, Inglaterra -  |x Historia -  |y 1997-2007 
650 |a Tenis -  |x Competencias -  |z Londres, Inglaterra -  |x Historia -  |y Siglo XXI 
650 |a Tenis -  |x Competencias -  |z EUA -  |x Historia -  |y 1993-2001 
650 |a Tenis -  |x Competencias -  |z EUA -  |x Historia -  |y Siglo XX 
650 |a Tenis -  |x Competencias -  |z Inglaterra -  |x Historia -  |y 1997-2007 
650 |a Tenis -  |x Competencias -  |z Inglaterra -  |x Historia -  |y Siglo XXI 
650 |a Tenis -  |x Competencias -  |x Historia -  |y 1990-1999 
650 |a Tenis -  |x Competencias -  |x Historia -  |y Siglo XX 
650 |a Tenis -  |x Competencias -  |x Historia -  |y 2000-2009 
650 |a Tenis -  |x Competencias -  |x Historia -  |y Siglo XXI 
650 |a Campeonatos Deportivos -  |z Nueva York, EUA -  |x Historia -  |y 1993-2001 
650 |a Campeonatos Deportivos -  |z Nueva York, EUA -  |x Historia -  |y Siglo XX 
650 |a Campeonatos Deportivos -  |z Londres, Inglaterra -  |x Historia -  |y 1997-2007 
650 |a Campeonatos Deportivos -  |z Londres, Inglaterra -  |x Historia -  |y Siglo XXI 
650 |a Campeonatos Deportivos -  |z EUA -  |x Historia -  |y 1993-2001 
650 |a Campeonatos Deportivos -  |z EUA -  |x Historia -  |y Siglo XX 
650 |a Campeonatos Deportivos -  |z Inglaterra -  |x Historia -  |y 1997-2007 
650 |a Campeonatos Deportivos -  |z Inglaterra -  |x Historia -  |y Siglo XXI 
650 |a Campeonatos Deportivos -  |x Historia -  |y 1990-1999 
650 |a Campeonatos Deportivos -  |x Historia -  |y Siglo XX 
650 |a Campeonatos Deportivos -  |x Historia -  |y 2000-2009 
650 |a Campeonatos Deportivos -  |x Historia -  |y Siglo XXI 
650 |a Deportes -  |z Nueva York, EUA -  |x Historia -  |y 1993-2001 
650 |a Deportes -  |z Nueva York, EUA -  |x Historia -  |y Siglo XX 
650 |a Deportes -  |z Londres, Inglaterra -  |x Historia -  |y 1997-2007 
650 |a Deportes -  |z Londres, Inglaterra -  |x Historia -  |y Siglo XXI 
650 |a Deportes -  |z EUA -  |x Historia -  |y 1993-2001 
650 |a Deportes -  |z EUA -  |x Historia -  |y Siglo XX 
650 |a Deportes -  |z Inglaterra -  |x Historia -  |y 1997-2007 
650 |a Deportes -  |z Inglaterra -  |x Historia -  |y Siglo XXI 
650 |a Deportes -  |x Historia -  |y 1990-1999 
650 |a Deportes -  |x Historia -  |y Siglo XX 
650 |a Deportes -  |x Historia -  |y 2000-2009 
650 |a Deportes -  |x Historia -  |y Siglo XXI 
650 |a Federer, Roger -  |x Tema Principal 
700 |a Calvo, Javier  |e (traducción) 
740 0 |a Democracia y comercio en el Open de Estados Unidos /  |c D.F. Wallace ; tr. por J. Calvo. 
740 0 |a Federer, en cuerpo y en lo otro /  |c D.F. Wallace ; tr. por J. Calvo. 
910 |a Fondo General 
920 |a Impresos - Libros 
930 |a Colección General 
905 |a 101 
901 |a 0500287440  |b IT1  |c ACC  |i C153330  |u 20250521 
902 |a https://opac.biblio.iteso.mx/vufind/Record/000392560